MARC

LEADER 00000naa2a2200000 4500
001 604416
005 20260206160025.0
035 |a (RuTPU)RU\TPU\conf\1688 
035 |a RU\TPU\conf\1645 
090 |a 604416 
100 |a 20140304d2013 k y0rusy50 ca 
101 0 |a rus 
102 |a RU 
135 |a drnn ---uucaa 
181 0 |a i  
182 0 |a b 
200 1 |a Проблемы регулирования рынка труда в Российской Федерации  |f Г. Я. Головченко  |g науч. рук. С. А. Дукарт 
203 |a Текст  |c электронный 
225 1 |a Теория и практика современного менеджмента 
300 |a Заглавие с титульного экрана 
320 |a [Библиогр.: с. 232 (5 назв.)] 
337 |a Adobe Reader 
463 1 |0 (RuTPU)RU\TPU\conf\506  |t Импульс-2013  |o труды X Международной научно-практической конференции студентов, молодых ученых и предпринимателей в сфере экономики, менеджмента и инноваций, 27-29 ноября 2013 г., г. Томск  |f Национальный исследовательский Томский политехнический университет (ТПУ) ; под ред. С. Л. Ереминой и др.  |v [С. 230-232]  |d 2013 
610 1 |a труды учёных ТПУ 
610 1 |a электронный ресурс 
610 1 |a рынок труда 
610 1 |a Российская Федерация 
610 1 |a российская экономика 
610 1 |a занятость 
700 1 |a Головченко  |b Г. Я. 
702 1 |a Дукарт  |b С. А.  |c экономист  |c доцент Томского политехнического университета, кандидат исторических наук  |f 1970-  |g Сергей Александрович  |4 727 
712 0 2 |a Национальный исследовательский Томский политехнический университет (ТПУ)  |b Институт социально-гуманитарных технологий (ИСГТ)  |b Кафедра экономики (ЭКОН)  |3 (RuTPU)RU\TPU\col\18375 
801 2 |a RU  |b 63413507  |c 20140304  |g RCR 
856 4 |u http://www.lib.tpu.ru/fulltext/c/2013/C25/099.pdf 
942 |c CF